000 00742cam a2200253 i 4500
001 4663598
003 OSt
005 20160810094842.0
008 801007t19811979nyu 000 0 eng
010 _a 80025312
020 _a0865790086
020 _a0394518047 (Grove Press) :
_c$9.95
020 _a0394178823 (Grove Press : pbk.) :
_c$4.95
040 _aDLC
_cDLC
_dDLC
050 0 0 _aPR6057.R33
_bS7 1981
082 0 0 _a822/.914
_219
100 1 _aGray, Simon,
_d1936-2008.
245 1 0 _aStage struck /
_cSimon Gray.
250 _a1st ed.
260 _aNew York :
_bSeaver Books :
_bdistributed by Grove Press,
_c1981, c1979.
300 _a53 p. ;
_c22 cm.
906 _a7
_bcbc
_corignew
_du
_eocip
_f19
_gy-gencatlg
942 _2lcc
_cBOOKS
999 _c13215
_d13215